000 00899nas a2200277 4500
001 BR8400555
003 BR-BrBNA
005 20231205085752.0
007 ta
008 230509b bl.|||p| |||| 00| 00por d
040 _aBR-BrBNA
_bpor
_cBiblioteca Nacional de Agricultura
041 _a(Pt)
072 _aK20
100 1 _aPinheiro, G.S.
100 1 _aSoares, R.V.
245 1 _aTabelas de peso da biomassa de copas de pinus tropicais na regiao de Sacramento, Minas Gerais [pinheiro, Brasil]
246 1 _a[Weight tables for the biomass of tropical pine crowns in Sacramento, Minas Gerais [Brazil]]
650 _aDENDROMETRIA
650 _aBIOMASSA
650 _aRESIDUO
650 _aPINHEIRO
650 _aMINAS GERAIS
773 0 _tFloresta (Brazil)
_xISSN 0015-3826
_g(Jun 1983), v. 14(1) p. 14-23
_wBR8400555
909 _a202311
_bLúcia
_c55
_dLúcia Elande
942 _2AGRIS
_n0
_cANA
999 _c113685
_d113685